| 000 | 00411nam a2200157Ia 4500 | ||
|---|---|---|---|
| 003 | GCL | ||
| 008 | 140319s9999 xx 000 0 ara d | ||
| 040 |
_aGCL / _cGCL |
||
| 082 | 0 | 4 |
_aد _b050 |
| 100 | 1 | _aمحمود بن شريف | |
| 245 | 1 | 0 |
_aالدعاء فى القران(اقرا 280) / _cمحمود بن شريف |
| 300 | _a124 ص | ||
| 490 |
_aاقرأ _v0 |
||
| 650 | 0 | 4 | _aالدعاء |
| 942 |
_2ddc _cBK |
||
| 999 |
_c48729 _d48729 |
||